000 00905cam a22001934a 4500
005 20250605164044.0
008 250528s ||||||||||||||||||||||||d
035 _a17077
020 _a863776345
040 _aGR-AtMCL
_bgre
_dGR-AtMCL
_eAACR2
245 1 _aExplorations in Cognitive Neuropsychology
260 _bPsychology Press,
_c1999
300 _a288
520 _aThe first major text to appear on this topic since the late 1980s and thus introduces the reader to a vast amount of research previously unavailable in a textbook format. Preface, Cognitive Neuropsychology as a Science, Blindsight, Impairments of Facial Recognition, Neglect, The Split Brain, Soken Language Impairments, Reading and Writing Disorders, Amnesia, The Frontal Lobes and Executive Deficits, References, Subject and Author Index.
700 1 _aParkin Alan J
_976
942 _cBK
999 _c2517
_d2517